|
|
|
|
| LEADER |
00795nam a2200229 a 4500 |
| 001 |
c000092685 |
| 003 |
CARM |
| 005 |
00000000000000.0 |
| 008 |
931217s1923 enk 00010 eng d |
| 019 |
1 |
|
|a 10624411
|5 LACONCORD2021
|
| 035 |
|
|
|a (OCoLC)6542635
|5 LACONCORD2021
|
| 040 |
|
|
|a VLINC
|c VLINC
|
| 100 |
1 |
|
|a Kipling, Rudyard,
|d 1865-1936.
|
| 245 |
1 |
4 |
|a The five nations /
|c by Rudyard Kipling.
|
| 250 |
|
|
|a 27th ed.
|
| 260 |
|
|
|a London :
|b Methuen,
|c 1923.
|
| 300 |
|
|
|a xiii, 215 p. ;
|c 18 cm.
|
| 500 |
|
|
|a First published: 1903.
|
| 852 |
8 |
|
|b CARM
|h A2:AF09H0
|i A00918
|p 0105409
|f BK
|
| 082 |
0 |
4 |
|a 821.912
|2 20
|
| 999 |
f |
f |
|i 4a8c9bce-fbd4-5a67-8342-74137d41c6ce
|s 49456f73-d968-5b3a-96be-e2a124dff60a
|
| 952 |
f |
f |
|p Can circulate
|a CAVAL
|b CAVAL
|c CAVAL
|d CARM 1 Store
|e A00918
|f A2:AF09H0
|h Other scheme
|i book
|m 0105409
|